| 000 | 00410nam a22001577a 4500 | ||
|---|---|---|---|
| 005 | 20180305114716.0 | ||
| 008 | 160611b xxu||||| |||| 00| 0 eng d | ||
| 041 | _aeng | ||
| 082 |
_b6928 _a332 |
||
| 100 |
_aCherunilarn, Francis _91708 |
||
| 245 | _aInternational Trade and Expart Management | ||
| 260 |
_aMumbai _bHimalaya Publishing House _c1984 |
||
| 300 | _a522 | ||
| 650 |
_aManagement _9241 |
||
| 942 | _cBK | ||
| 999 |
_c2411 _d2410 |
||